| 000 | 00678cam a2200229 4500 | ||
|---|---|---|---|
| 008 | 090401t1990 xxu||||| |||| 00| 0 eng d | ||
| 020 | _a0906182492 | ||
| 035 | _a(Sirsi) u18568 | ||
| 041 | _aeng | ||
| 050 | _a690.23 | ||
| 090 | _aRICS 1990/15ABC | ||
| 110 |
_aBuilding Cost Information Service _91096 |
||
| 245 | _aGuide to house rebuilding costs 1990. Contains costs as at 17 January 1990 | ||
| 250 | _a12th ed. | ||
| 260 |
_aLondon _bBuilding Cost Information Service _c1990 |
||
| 300 | _a112p. ; 30cm. | ||
| 350 | _a22.5 | ||
| 650 | _aINSURANCE VALUATION | ||
| 650 | _aBUILT ENVIRONMENT-BUILDING COSTS-REINSTATEMENT COSTS | ||
| 942 | _n0 | ||
| 948 | _c04/03/1997 | ||
| 999 |
_c87604 _d87604 |
||